000
00341 a2200157 4500
001
188326
020
_a
040
_c
Magnum
100
_a
Neves, Elza Aguiar
240
1
0
_a
Carol, a boneca que tem alma
_l
por
245
1
0
_a
Carol, a boneca que tem alma
300
_a
26
362
0
_a
2008
697
_a
LITERATURA INFANTO
942
_c
BK
999
_c
188326
_d
188326